Clinical dignosis diseases of large animals
Bewaard in:
| Hoofdauteur: | |
|---|---|
| Formaat: | Boek |
| Taal: | Undetermined |
| Gepubliceerd in: |
Philadelphia
Lea and Febiger
1966
|
| Onderwerpen: | |
| Tags: |
Voeg label toe
Geen labels, Wees de eerste die dit record labelt!
|
| Thư viện lưu trữ: | Trung tâm Học liệu Trường Đại học Cần Thơ |
|---|
| LEADER | 00509nam a2200181Ia 4500 | ||
|---|---|---|---|
| 001 | CTU_13967 | ||
| 008 | 210402s9999 xx 000 0 und d | ||
| 082 | |a 636.0896075 | ||
| 082 | |b G441 | ||
| 100 | |a W J Gibbons | ||
| 245 | 0 | |a Clinical dignosis diseases of large animals | |
| 245 | 0 | |c W J Gibbons | |
| 260 | |a Philadelphia | ||
| 260 | |b Lea and Febiger | ||
| 260 | |c 1966 | ||
| 650 | |a veterinary clinical parasitology | ||
| 904 | |i Minh, 961219 | ||
| 980 | |a Trung tâm Học liệu Trường Đại học Cần Thơ | ||